000 00844nam a2200265 a 4500
001 27484
003 BD-RjUL
005 20211209051148.0
008 140325s1918 enk 000 0 eng d
035 _a(BD-RjUL)27558
035 _a(BD-RjUL)27558
040 _aISB
_cISB
_dBD-RjUL
_beng
041 _aeng
082 _a942.082
_bMOR 1918
100 1 _aMorley, John,
_d1838-1923.
_972350
245 0 0 _aRecollections /
_cby John viscount Morley
260 _aLondon :
_bMacmillan,
_c1918.
300 _ax ,192 p. :
_c23 cm.
_bill. ;
650 0 _aHome rule
_zIreland
_984434
651 0 _aGreat Britain
_xPolitics and government
_y1837-1901
_910732
651 0 _aGreat Britain
_xPolitics and government
_y1901-1910
_976198
651 0 _aGreat Britain
_xIntellectual life
_984435
651 0 _aIreland
_xHistory
_y1837-1901
_984436
942 _2ddc
_cBK
999 _c27484
_d27484